| 000 | 00321nam a2200109 4500 | ||
|---|---|---|---|
| 999 |
_c9820 _d9820 |
||
| 008 | 180718b ||||| |||| 00| 0 eng d | ||
| 245 | _aCloud technology enables nonprofits to adapt to change. | ||
| 260 |
_aPhilippines _bThe Philippine Star _cc2016 |
||
| 300 | _apage A-26. | ||
| 650 | 0 |
_929068 _aTechnology. |
|
| 942 |
_2ddc _cPER |
||